000 00668cam a2200217 4500
001 ABS61444
008 000000n1999 000 0 eng u
035 _a(Sirsi) u101120
100 _aGriffiths, M.
245 _aReceiver's duty of care
260 _c1999
490 _aSolicitors` Journal
520 _aExamines the CA decision in "Bedford v Blake", which has clarified the duty of care owed by a receiver appointed to manage mortgaged property.
590 _aABS
650 _aMEDFORTH V BLAKE
650 _aDUTY OF CARE
650 _aRECEIVERS
650 _aMORTGAGES
690 _aMANAGEMENT-BUSINESS MANAGEMENT-PROFESSIONAL PRACTICE
942 _n0
999 _c60323
_d60323